000 00932nam a22002177a 4500
999 _c1898
_d1898
003 AR-CdUCM
008 190228b ||||| |||| 00| 0 spa d
040 _aMUNICIPALIDAD PROVINCIAL DEL CUSCO
_cBIBLIOTECA MUNICIPAL DEL CUSCO
082 _22 ed.
_a330.1 /
_bS19
100 _aSamuelson, Paul Antony
_96947
245 _aFundamentos del análisis económico /
260 _aBuenos Aires :
_bAteneo,
_c1981.
300 _a461 paginas ;
_c22 cm.
505 _aSistema de equilibrio y de estática comparativa -- Teoría de la maximización de la conducta -- Un replanteo comprensivo de la teoría del costo y de la producción -- Economía del bienestar -- Teoría pura de la conducta del consumidor ...
650 _aAnálisis económico
_95582
650 _aLa Econometría.
_96948
650 _aTeoría dinámica
_96949
700 _aBacic, Uros (traductor del ingles)
_96950
942 _2ddc
_cLIBROS
945 _arum
_d2019-02-28